Derecho tributario y medio ambiente: posibilidad constitucional de establecer tributos ambientales en Chile

Guardado en:
Detalles Bibliográficos
Autor principal: Mateluna Pérez, Rodrigo (autor)
Formato: Libro
Lenguaje:español
Publicado: Santiago LexisNexis 2005
Edición:1a. ed
Materias:
Etiquetas: Agregar Etiqueta
Sin Etiquetas, Sea el primero en etiquetar este registro!

MARC

LEADER 00000nam a2200000 a 4500
001 UCK5612
003 CL-VaPUC
008 050805e20050400CL |||||||||||||||||spa|d
020 |a 956238537X 
082 0 4 |a 344.83046  |b MAT  |2 21 
100 |a Mateluna Pérez, Rodrigo  |e autor  |9 795188 
245 1 0 |a Derecho tributario y medio ambiente: posibilidad constitucional de establecer tributos ambientales en Chile 
250 |a 1a. ed 
300 |a 143 p 
942 |c BK 
945 |d 20050805 00:00:00  |a jcarroza 
260 |a Santiago  |b LexisNexis  |c 2005 
650 0 |a Derecho ambiental   |9 257835 
650 0 |a Derecho tributario  |9 258895 
650 7 |a TRIBUTOS AMBIENTALES  |2 CL-VaPUC  |9 494473 
650 0 |a Contaminación ambiental  |9 314181 
651 7 |a CHILE  |2 CL-VaPUC  |9 494474 
583 |a last modification  |c 20050805 00:00:00  |k Rodrigo Vera 
999 |c 314113  |d 314111 
952 |0 0  |1 0  |4 0  |6 344_830460000000000_MAT_2005  |7 0  |8 A  |9 386032  |a BIBDER  |b BIBDER  |d 2019-11-22  |i 4150910  |o 344.83046 MAT 2005  |p 4150910  |r 2023-01-25  |w 2019-11-22  |y BK  |k DER